000 00985nam a2200265Ia 4500
003 OSt
005 20221005104625.0
006 a|||||r|||| 00| 0
007 ta
008 221004b |||||||| |||| 00| 0 hin d
024 _a31981
037 _cTextual
040 _aCRL
_cCRL
_bhin
041 _2hin
_ahin
082 _a)152,2:gx, L2
100 _aमदान, इन्द्रनाथ
245 0 _aहिन्दी नाटक और रंगमंच
_b पहचान और परख
246 _aHindī nāṭak aur rangamancha: pahachān aur parakha
260 _aदिल्ली
_bलिपि प्रकाशन भारत
_c1975
300 _a214पृ.
_ccm.
490 _aसमकालीन साहित्य: मूल्यांकन; 04
650 _aहिन्दी साहित्य
942 _h)152,2:gx, L2
_cTEXL
_2cc
999 _c1013278
_d1013278